Месторождения нефти и газа Северо-Западноевропейской нефтегазоносной провинции

ग्रंथसूची विवरण
अन्य लेखक: Дикенштейн Г. Х. Григорий Хаимович (редактор), Глушко В. В., Соловьев Б. А., Чернышев С. М., Боровиков В. Н., Тарханов М. И., Максимов С. П. Степан Павлович
भाषा:रूसी
प्रकाशित: Москва, Недра, 1975
विषय:
स्वरूप: पुस्तक
KOHA link:https://koha.lib.tpu.ru/cgi-bin/koha/opac-detail.pl?biblionumber=72900

MARC

LEADER 00000nam0a2200000 4500
001 72900
005 20231031083935.0
035 |a (RuTPU)RU\TPU\book\77735 
090 |a 72900 
100 |a 20050203d1975 k y0rusy50 ca 
101 0 |a rus 
102 |a RU 
105 |a a z 001zy 
200 1 |a Месторождения нефти и газа Северо-Западноевропейской нефтегазоносной провинции  |f Г. Х. Дикенштейн, В. В. Глушко, Б. А. Соловьев и др. 
210 |a Москва  |c Недра  |d 1975 
215 |a 208 с.  |c ил. 
320 |a Списки литературы в тексте. 
610 1 |a геология 
610 1 |a нефть 
610 1 |a нефтяные месторождения 
610 1 |a Западная Европа 
610 1 |a газ 
610 1 |a история 
610 1 |a месторождения 
675 |a 553.98  |v 3 
701 1 |a Дикенштейн  |b Г. Х.  |g Григорий Хаимович 
701 1 |a Глушко  |b В. В. 
701 1 |a Соловьев  |b Б. А. 
701 1 |a Чернышев  |b С. М. 
701 1 |a Боровиков  |b В. Н. 
701 1 |a Тарханов  |b М. И. 
702 1 |a Максимов  |b С. П.  |g Степан Павлович  |4 340 
801 1 |a RU  |b 63413507  |c 20050203  |g PSBO 
801 2 |a RU  |b 63413507  |c 20150316  |g PSBO 
942 |c BK